Statistieken voor België Trivia Quiz

Klik hier om de quiz te nemen!

Algemene statistieken

  • Deze quiz is 4.532 keer genomen
  • De gemiddelde score is 18 van 24

Antwoordstatistieken

HintAntwoord% Correct
Hoofdstad van BelgiëBrussel
100%
Meest geproken talenFrans
99%
Aangrenzende landenNederland
99%
Aangrenzende landenDuitsland
98%
Aangrenzende landenFrankrijk
98%
Aangrenzende landenLuxemburg
97%
Meest geproken talenNederlands
97%
De twee delen van BelgiëVlaanderen
94%
Aangrenzende zeeNoordzee
93%
De twee delen van BelgiëWallonië
93%
Kleine blauwe stripfigurenDe Smurfen
88%
1920 Olympische gaststadAntwerpen
85%
Grootste Afrikaanse kolonie van BelgiëBelgisch-Congo
83%
Huidige koningFilip
79%
Plaats van de laatste slag van NapoleonWaterloo
79%
Stad beroemd om zijn grachtenBrugge
72%
Voedsel gemaakt in roostervormige ijzersWafel
71%
Wat de trappisten makenBier
69%
Als je Moules-frites eet,
eet je dit dier
Mossel
61%
Acteur bekend als JCVDJean-Claude
Van Damme
49%
Volledige naam van BelgiëKoninkrijk België
40%
Schilder van vlezige vrouwenPeter Paul Rubens
36%
Schilder die je zal vertellen wat een pijp niet isRené Magritte
31%
Onverschrokken verslaggever die Tibet, Amerika, Sydney en meer heeft bezochtKuifje
20%

Scoreverdeling

Percentiel versus Aantal Correcte Antwoorden

Procent van Mensen met Elke Score

Uw Scoregeschiedenis

U heeft deze quiz nog niet genomen